00935 2200325 4500001002100000005001500021035002000036007000300056008004100059040001700100100001900117245006200136250001000198300003700208020002200245041000800267082001100275084001700286090002300303260004400326260004500370264004500415650001100460700002800471850001000499990002500509990002500534990002500559990002500584INLIS00000000000246120260602074642 a0010-0220000312ta260602 1  aSBPUPADbind0 aRania Thahirah1 aThe Lost World /cRania Thahirah, Penyunting: Puput Alvia acet,1 aviii, 442 hlm. :bilus. ;c20 cm a978-602-6657-66-4 aind a808.83 a808.83 RAN l a808.83 RAN l 24-17 aYogyakarta :bAria Media Mandiri,c2017 aYogyakarta; :bAria Media Mandiri,c2017 aYogyakarta; :bAria Media Mandiri,c2017 4asastra aPenyunting: Puput Alvia aPUPAD a31.161/APBD/DPK/2019 a31.162/APBD/DPK/2019 a31.163/APBD/DPK/2019 a31.164/APBD/DPK/2019